Using charts and graphs : 1000 ideas for visual persuasion

Αποθηκεύτηκε σε:
Λεπτομέρειες βιβλιογραφικής εγγραφής
Κύριος συγγραφέας: White, Jan V. 1928-
Μορφή: Βιβλίο
Γλώσσα:English
Δημοσίευση: New York : Bowker, 1984
Θέματα:
Ετικέτες: Προσθήκη ετικέτας
Δεν υπάρχουν, Καταχωρήστε ετικέτα πρώτοι!

MARC

LEADER 00000cam a2200000 i 4500
001 1/27517
008 950727s1984 eng d
020 |a 0835218945 ((pbk.)) 
035 |l 10022870 
040 |a GR-MY-UA  |b gre  |e aacr 
041 0 |a eng 
082 0 |a 001.553  |2 (19) 
100 1 |a White, Jan V.  |d 1928- 
245 1 0 |a Using charts and graphs :  |b 1000 ideas for visual persuasion /  |c Jan V. White 
260 |a New York :   |b Bowker,   |c 1984 
300 |a x, 202 p.;  |b ill.;  |c 28 cm 
500 |a Includes indexes 
650 0 0 |a Graphic methods. 
852 |a INST  |b CHIOS  |e 19950727  |h 001.553 WHI  |p 005200001958  |q 005200001958  |t BK  |y 0 
909 |a Χ  |b 027195